000 00795nmm a2200301 a 4500
003 AR-BaBNM
005 20251128211318.0
008 293120s2003 ||||||||||||||000 | spa||
020 _a950-9255-89-0
040 _cAR-BaBNM
100 1 _aHosne, Roberto
245 1 0 _aAdventures in the Patagonian Andes
260 _aBuenos Aires
_bKel
_c2003
300 _a168 p.
_bláms., mapas
650 4 _aDESCUBRIMIENTOS GEOGRAFICOS
650 4 _aGEOGRAFIA HISTORICA
650 4 _aEXPEDICIONES GEOGRAFICAS
650 4 _aABORIGENES ARGENTINOS
650 4 _aEXPLORACION GEOGRAFICA
650 4 _aINVESTIGACION HISTORICA
650 4 _aCRUCE DE LOS ANDES
651 4 _aPatagonia
651 4 _aArgentina
653 _aNARRATIVA
655 _aLITERATURA
942 _cBK
998 _cMariana
999 _c19105
_d19105